Men's Tennis Tournaments Map Quiz - Statistics

General Stats
  • This quiz has been taken 106 times
  • The average score is 40 of 64
Answers on the Map
Answers color-coded by a green-red scale on the quiz's map according to % correct below.
 
Answer Stats
City Class % Correct
London GS+WTF+500
96%
Paris GS+1000
95%
Madrid 1000
93%
Melbourne GS
92%
Rome 1000
92%
Miami 1000
90%
New York GS
90%
Moscow 250
89%
Stockholm 250
89%
Sydney 250
89%
Rio de Janeiro 500
88%
Beijing 500
86%
Buenos Aires 250
86%
Shanghai 1000
86%
Tokyo 500
86%
Istanbul 250
84%
Barcelona 500
82%
Auckland 250
81%
Dubai 500
81%
St. Petersburg 250
81%
São Paulo 250
79%
Toronto 1000
78%
Brisbane 250
77%
Munich 250
77%
Vienna 500
77%
Doha 250
74%
Hamburg 500
74%
Marseille 250
68%
Monte Carlo 1000
68%
Quito 250
68%
Washington, D.C. 500
68%
Budapest 250
66%
Sofia 250
66%
Cincinnati 1000
64%
Houston 250
64%
Lyon 250
64%
Rotterdam 500
64%
Chennai 250
63%
Indian Wells 1000
63%
Geneva 250
60%
Acapulco 500
58%
Atlanta 250
56%
Basel 500
53%
Stuttgart, 250
53%
Antwerp 250
51%
Marrakech 250
49%
Antalya 250
42%
Halle 500
42%
Memphis 250
40%
Shenzhen 250
38%
Chengdu 250
34%
Eastbourne 250
34%
Los Cabos 250
34%
Montpellier 250
33%
Estoril 250
30%
's-Hertogenbosch 250
30%
Metz 250
25%
Båstad 250
23%
Delray Beach 250
23%
Umag 250
23%
Winston-Salem 250
23%
Gstaad 250
22%
Kitzbühel 250
19%
Newport 250
16%
No matching quizzes found
Score Distribution
Percent of People with Each Score
Percentile by Number Answered
Your Score History
You have not taken this quiz